| 000 | 00858aam a2200313 4500 | ||
|---|---|---|---|
| 005 | 20161103095325.0 | ||
| 008 | 150720b xxu||||| |||| 00| 0 spa d | ||
| 041 | _aEspañol | ||
| 082 | _a004.67 N392j | ||
| 100 |
_aNegrino, Tom _912122 |
||
| 100 |
_aSmith, Dori _912123 |
||
| 245 | _aJava Script : guía de aprendizaje | ||
| 250 | _a5 edición. | ||
| 260 |
_aEspañol _bPearson Educación _c2005 |
||
| 300 | _a487 páginas | ||
| 650 |
_aPÁGINAS WEB _95529 |
||
| 650 |
_aJAVA SCRIPT _910662 |
||
| 650 |
_aLENGUAJES DE PROGRAMACIÓN _9372 |
||
| 650 |
_aIMÁGENES _96636 |
||
| 650 |
_aFORMULARIOS _9910 |
||
| 650 |
_aNAVEGADOR _912124 |
||
| 650 |
_aMANIPULACIÓN DE EVENTOS _912125 |
||
| 650 |
_aCSS _96519 |
||
| 650 |
_aDHTML _912126 |
||
| 650 |
_aNODOS _912127 |
||
| 650 |
_aBOOKMARKLETS _912128 |
||
| 650 |
_aHERRAMIENTAS _9172 |
||
| 942 | _cBK | ||
| 999 |
_c1928 _d1928 |
||